[Event "Panchenko Memorial-B 2021"]
[Site "Chelyabinsk"]
[Date "2021.09.16"]
[Round "4.1"]
[White "Balabayeva, Xeniya"]
[Black "Kovanova, Baira"]
[Result "0-1"]
[WhiteElo "2318"]
[BlackElo "2310"]
[Annotator "TA"]
[PlyCount "78"]
[EventDate "2021.09.13"]
[EventType "swiss"]
[EventCountry "RUS"]
[SourceTitle "playchess.com"]
[Source "ChessBase"]
[SourceQuality "1"]

{[%evp 9,78,9,16,17,16,5,10,5,10,3,10,0,0,0,25,19,16,0,20,-25,16,0,-8,-18,-11,-30,-8,-29,-27,-25,-21,-22,-22,-40,21,21,19,25,57,51,66,74,102,61,70,62,124,102,148,158,158,172,359,358,357,354,333,347,332,162,2631,0,0,-609,-602,-1064,-1075,-968,-786,-941,-939]} 1. e4 e5 2. Nf3 Nc6 3. Bc4 Nf6 4. d3 Bc5 5. Nc3 a6 6. Nd5 {C50: Hungarian Defence and Giuoco Pianissimo.} h6 7. c3 d6 8. b4 {The position is equal.} Ba7 9. Be3 O-O 10. O-O Nxd5 11. Bxd5 Ne7 {[%cal Bc6e7,Be7g6,Bg6f4][%mdl 32]} 12. Bb3 Ng6 {[#]} 13. h3 $146 ({Predecessor:} 13. Nd2 Qf6 14. g3 Bh3 15. Re1 Ne7 16. Qh5 Be6 17. Rf1 a5 18. b5 Ng6 19. Bc4 {0-1 (62) Sukandar,I (2396)-Tin,J (2445) Singapore 2018}) 13... Qf6 14. Kh2 Nf4 15. Bxf4 Qxf4+ 16. g3 Qf6 17. Qe2 Be6 18. Rae1 Bxb3 19. axb3 Qe6 20. c4 f5 21. exf5 Rxf5 (21... Qxf5 $15 22. Kg2 Rf6) 22. Nh4 $1 $11 {[%cal Rh4f5]} Rf6 23. f4 Raf8 24. f5 Qd7 25. Ng6 Re8 26. g4 Bd4 27. Qf3 $36 {[%mdl 2048] White has some pressure.} Qc6 (27... Bc3 $14) 28. Re4 $1 $16 d5 29. cxd5 Qxd5 {[#]} 30. h4 $1 Qc6 $2 (30... Rb6 {keeps fighting.}) 31. g5 $18 Rf7 32. gxh6 {[%mdl 64] Overworked Piece} gxh6 33. f6 {Ne7+ is the strong threat.} Qd6 34. Qf5 (34. Ne7+ $142 Kf8 35. Nf5 Qxf6 36. Nxd4 {[%mdl 64] Discovered Attack} Qxf3 37. Nxf3) 34... Re6 $2 (34... Qe6) 35. Ne7+ $2 (35. Rg4 $18 {Ne7+! would kill now.} Re8 36. Kh3 Qxf6 37. Nxe5+ {[%mdl 64] Discovered Attack} Kf8 38. Qxf6 Rxf6 39. Rxf6+ Ke7 40. Rf7+ Kd8 41. Rxd4+ Kc8 {[#]} 42. Rh7 $1) 35... Kf8 $11 36. Nc8 $2 {[%mdl 8192]} (36. Nd5 $11 Qxd5 37. Rxd4 Qxd4 {[%mdl 64] Double Attack} 38. Qxe6) 36... Qc6 $19 {[%cal Re6f6] Black is clearly winning.} 37. Qg4 {White wants to play Ne7.} Rexf6 38. Rxf6 Qxf6 39. Nd6 Qf2+ {Never resign too early!  Weighted Error Value: White=0.54/Black=0.20} 0-1

[Event "Panchenko Memorial-B 2021"]
[Site "Chelyabinsk"]
[Date "2021.09.16"]
[Round "4.3"]
[White "Kovaleva, Ekaterina"]
[Black "Nurgali, Nazerke"]
[Result "0-1"]
[WhiteElo "1959"]
[BlackElo "2247"]
[Annotator "TA"]
[PlyCount "105"]
[EventDate "2021.09.13"]
[EventType "swiss"]
[EventCountry "RUS"]
[SourceTitle "playchess.com"]
[Source "ChessBase"]
[SourceQuality "1"]

{[%evp 9,105,28,28,22,33,43,39,35,36,17,52,54,47,26,18,16,39,29,20,17,18,26,17,0,19,1,43,8,21,32,87,-16,28,0,12,0,0,0,42,-6,-8,-8,-7,-6,-8,-10,0,0,10,0,0,0,0,0,0,-20,-9,-18,-20,-52,-22,-138,-148,-122,-141,-175,-166,-179,-133,-138,-99,-100,-85,-141,0,0,0,0,0,0,174,-574,-580,-578,-573,-577,-573,-506,-576,-579,-214,-579,-535,-561,-560,-575,-547,-488]} 1. e4 c6 2. d4 d5 3. Nc3 dxe4 4. Nxe4 Nf6 5. Nxf6+ exf6 6. c3 {B15: Caro-Kann: 3 Nc3: 3...g6 and 3...dxe4 4 Nxe4 Nf6 5 Nxf6+ exf6.} Na6 {[%cal Bb8a6,Ba6c7,Bc7e6][%mdl 32]} 7. Bd3 Nc7 8. Ne2 {White is slightly better.} Bd6 9. O-O h5 10. Re1 Kf8 {[#]} 11. Bf4 $146 ({Predecessor:} 11. Ng3 h4 12. Nf5 Bxf5 13. Bxf5 g6 14. Bc2 Kg7 15. Qf3 a5 16. a4 Nd5 17. Bb3 {0-1 (44) Petriashvili,N (2425)-Lortkipanidze,N (2416) Tbilisi 2021}) 11... g6 12. Qd2 Ne6 13. Bxd6+ Qxd6 14. Ng3 h4 15. Ne4 {[%mdl 64] Double Attack} Qd8 16. h3 Kg7 (16... f5 $5) 17. Rad1 b6 {Threatening ...f5.} (17... f5 $5 18. Nc5 $8 b6 $14) 18. Qe3 f5 19. Nd2 Qf6 (19... Qg5 $14) 20. Qe5 (20. Nf3 $16) 20... Bb7 21. Nc4 Qxe5 22. Nxe5 Rae8 23. Bc4 Ng5 24. d5 cxd5 25. Bxd5 Bxd5 26. Rxd5 Re7 27. f3 Ne6 28. Nc6 Rc7 29. Nd4 {Strongly threatening Rxe6.} Nf4 30. Rd6 Rhc8 31. Nb5 Rc5 32. Nd4 ({Don't play} 32. Nxa7 R8c7 $17) 32... R8c7 33. Rd8 Rd5 34. Rde8 Kf6 35. R1e3 {[#]} (35. Rh8 $11 {remains equal.}) 35... Rxd4 $1 $17 {[%mdl 512]} 36. cxd4 {[%mdl 4096] Endgame KRR-KRN} Rc2 37. Ra8 Rxg2+ 38. Kf1 Rxb2 39. Rxa7 Nxh3 40. Re2 Rb4 41. Rd2 (41. d5 $142) 41... Nf4 (41... Rb1+ $17 42. Kg2 Nf4+ 43. Kf2 Nh5) 42. d5 $11 Rb1+ $1 43. Kf2 Nh3+ 44. Kg2 Ng5 (44... Nf4+ $11 45. Kf2 Rh1) 45. d6 $4 {[%mdl 8192]} (45. Ra3 $18 {is the narrow road to win.}) 45... h3+ $19 46. Kg3 {Black should prevent Ra3.} Rg1+ 47. Kf4 {[#]} Rg2 $1 {[%cal Rg2d2]} 48. Rd1 h2 {( -> ...Rg1)} 49. Rh1 {[#]} Nh3+ $1 50. Ke3 {Threatens to win with d7.} Nf2 {Black is clearly winning.} 51. d7 Ke7 52. Rc1 {White wants to mate with Rc8.} h1=Q {[%mdl 64] Promotion} 53. Rxh1 {Weighted Error Value: White=0.31/Black=0.15} 0-1

[Event "Panchenko Memorial-B 2021"]
[Site "Chelyabinsk"]
[Date "2021.09.16"]
[Round "4.4"]
[White "Serikbay, Assel"]
[Black "Shafigullina, Zarina"]
[Result "1-0"]
[WhiteElo "2221"]
[BlackElo "2245"]
[Annotator "TA"]
[PlyCount "115"]
[EventDate "2021.09.13"]
[EventType "swiss"]
[EventCountry "RUS"]
[SourceTitle "playchess.com"]
[Source "ChessBase"]
[SourceQuality "1"]

{[%evp 12,115,47,10,10,15,16,0,0,-7,14,-8,0,-7,-12,-4,0,-12,0,0,23,10,30,35,31,31,27,30,45,27,34,37,32,46,38,52,37,52,47,12,0,2,15,0,74,79,66,54,93,91,97,74,75,88,77,77,82,73,70,71,97,47,35,46,114,149,197,135,140,134,134,131,132,131,141,14,121,105,226,241,633,274,259,137,136,137,144,147,145,99,91,36,44,33,80,85,150,91,164,163,724,717,29992,29993,29993,29994]} 1. e4 c5 2. Nf3 d6 3. d4 cxd4 4. Nxd4 Nf6 5. Nc3 a6 6. Bg5 Nbd7 7. Bc4 {7.Qe2 is the recent fashion.} Qb6 {B94: Sicilian Najdorf: 6 Bg5 Nbd7.} 8. Bb3 e6 9. O-O Be7 {The position is equal.} 10. Kh1 {10.a4 is vanishing.} Nc5 11. Qe1 h6 12. Bh4 g5 13. Bg3 Nxb3 14. Nxb3 e5 15. f3 {[#]} Qc7 $146 ({Predecessor:} 15... Be6 16. Bf2 Qc6 17. Qd2 Rc8 18. Rac1 Rg8 19. Rfe1 Kf8 20. Na5 Qc7 21. Nb3 Rg6 {0-1 (38) Rimkus,B (2158)-Papenfuss,I (2499) ICCF email 2017}) 16. a4 b6 17. Qe3 Be6 18. Nc1 Rb8 19. Nd3 Qc4 20. Be1 O-O 21. b3 Qc8 22. Nb4 a5 23. Nd3 Qc6 24. Rd1 Nh5 25. Rf2 f5 26. exf5 Bxf5 27. Nb5 Nf4 (27... Rbe8 $11) 28. Nxf4 $1 $16 gxf4 29. Qd2 Rbd8 30. c4 Kh7 31. Nc3 Rg8 32. Nd5 Bg5 33. Re2 {Strongly threatening h4.} Rdf8 34. Nc3 Rg6 35. Qd5 Qc8 36. Nb5 Be7 37. Bf2 Rfg8 (37... Be6 $1 $14 38. Qd2 (38. Nxd6 $2 Bxd6 39. Qxd6 Bh3 $17 {[%mdl 64] Discovered Attack}) 38... Qc6) 38. Bxb6 Qf8 39. Nc3 (39. Bxa5 $6 Qg7 $16) (39. Rg1 $1 $18) 39... Be6 40. Qd3 $36 {[%mdl 2048] White is on the roll.} (40. Qxa5 $6 Qg7 $11) 40... Qb8 41. c5 {[%cal Rc5d6]} ({Of course not} 41. Bxa5 $6 Qxb3 42. Nd5 Qxd3 $11) 41... dxc5 42. Bxa5 Bxb3 {Threatens to win with ...c4.} 43. Rde1 (43. Rb1 $16) 43... c4 (43... Qa7 $1 $11 {remains equal.} 44. Nb5 (44. Rxe5 Bf6 $15) 44... Qxa5 45. Qxb3 Rxg2 {[%mdl 64] Back Rank}) 44. Qf5 Bf6 (44... Bh4 $16) 45. Nd5 $18 (45. Rxe5 Bxe5 46. Rxe5 Qd6 $17) 45... Rf8 {[#]} (45... Qd6 46. Qe4 (46. Rxe5 Bxe5 47. Qxe5 Qxe5 $17) 46... Bh4) 46. Nxf6+ (46. Nxf4 $142 $1 {[%mdl 512]} Qe8 47. Bb4 $1) 46... Rfxf6 47. Qxe5 ({Better is} 47. Qb1 $18 Qd6 48. Bc3 (48. Rxe5 Rf7 $18)) 47... Qxe5 $16 48. Rxe5 Bxa4 49. Re7+ Kg8 50. Bc3 Rd6 51. Ra7 (51. Rc7 $16) 51... Bc6 52. Rb1 {White wants to mate with Rb8+.} Rd8 53. h4 Rgd6 {[#]} (53... Rd7 $142 54. Ra6 Be4) 54. Rb4 (54. Rg7+ $142 $1 Kf8 55. Rc7) 54... Rd1+ (54... R8d7 $16 55. Rxd7 Bxd7) 55. Kh2 $18 Bd5 $2 (55... R1d7 56. Ra6 Rd6 57. Rxc4 Bd5 58. Rxd6 Rxd6 59. Rxf4 Rc6) 56. Rb6 {Intending Rg6+ and mate.} Rc1 57. Rg6+ Kf8 58. Bb4+ {Weighted Error Value: White=0.24/Black=0.38} 1-0

[Event "Panchenko Memorial-B 2021"]
[Site "Chelyabinsk"]
[Date "2021.09.16"]
[Round "4.5"]
[White "Bodnaruk, Anastasia"]
[Black "Lysenko, Margarita"]
[Result "1/2-1/2"]
[WhiteElo "2425"]
[BlackElo "2207"]
[Annotator "TA"]
[PlyCount "204"]
[EventDate "2021.09.13"]
[EventType "swiss"]
[EventCountry "RUS"]
[SourceTitle "playchess.com"]
[Source "ChessBase"]
[SourceQuality "1"]

{[%evp 9,204,20,22,13,40,-5,-5,-5,0,0,-10,-10,4,0,3,-26,-19,-33,-12,-20,0,0,0,0,0,0,0,0,23,0,0,-46,-32,-45,-36,-30,-40,-79,-29,-18,-18,-18,-5,-21,-21,-43,-41,-81,-75,-125,-75,-92,-95,-110,-107,-162,-131,-159,-148,-209,-210,-224,-205,-229,-127,-227,-234,-233,-230,-277,-278,-278,-284,-564,-564,-553,-546,-500,-90,-89,-27,-31,-30,-41,-26,-26,-20,-20,-20,-20,-20,-26,-20,-20,-20,-20,-20,-34,-20,-20,-13,-35,-6,-6,0,-35,-27,-34,-6,-20,-20,-26,-6,-6,-6,-14,-6,-6,-6,-13,0,0,0,0,0,0,0,0,0,0,0,0,0,-8,-8,-8,-8,-8,0,0,0,0,0,0,0,0,0,-10,0,0,0,0,0,0,0,0,0,0,0,0,0,0,0,0,0,0,0,0,0,0,0,0,0,0,0,0,0,0,0,0,0,-5,0,-6,-6,-7,0,0,0,0,0,0,0,0,0,0,0]} 1. e4 c5 2. Nf3 d6 3. Bb5+ Nd7 4. O-O a6 5. Bd3 Ngf6 6. c3 {B51: Sicilian: Moscow Variation (3 Bb5+) without 3...Bd7.} Qc7 7. a4 c4 8. Bc2 {[#]} b6 $146 ({Predecessor:} 8... g5 9. Nxg5 Ne5 10. d4 cxd3 11. Bxd3 Rg8 12. f4 Rxg5 13. fxg5 Qc5+ 14. Kh1 Nfg4 {½-½ (50) Zawadzka,J (2393)-Papp,P (2276) Belgrade 2013}) 9. d4 cxd3 $1 10. Qxd3 Bb7 11. Qe2 g6 12. c4 Bg7 13. Nc3 O-O 14. Bd2 Rfc8 15. b3 e6 16. Rac1 Re8 17. Rfe1 Rac8 18. h3 Nb8 19. Bb1 Nfd7 20. Be3 Nc6 21. Nb5 Qb8 22. Nbd4 Nc5 23. Qd1 Nxd4 24. Bxd4 e5 25. Bc3 Qc7 26. b4 Ne6 27. Ba2 a5 28. bxa5 bxa5 29. Qd2 Ra8 30. Rb1 Bc6 31. Rb5 {[%cal Rc3a5]} Nc5 32. Bxa5 (32. Qc2 $17 {was called for.}) 32... Qe7 33. Rb6 Bxe4 34. Bb4 (34. Ng5 $17 Bh6 35. h4) 34... Bxf3 $19 ({Worse is} 34... Rxa4 35. Bxc5 dxc5 36. Bb3 $16 (36. Rxe4 Qa7 $16)) 35. gxf3 Rxa4 36. Bb1 Qc7 (36... Ne6 $19 {Hoping for ...Qh4.} 37. Bd3 Qa7 38. Rxd6 Bf8 39. Rxe6 Rxe6 40. Bxf8 Kxf8) 37. Rb5 (37. Bxc5 $17 dxc5 38. Rd6) 37... Ne6 38. Bxd6 Qxc4 39. Bd3 Qd4 40. Bxe5 Bxe5 41. Rbxe5 $2 {[#]} (41. Rexe5 {only move.} Ra1+ 42. Kg2) 41... Ra3 $1 42. R5e3 Rd8 43. Rd1 Nc5 $2 (43... Ra1 $19 44. Qc2 Rxd1+ 45. Qxd1 Nf4) 44. Bf1 $17 Qxd2 (44... Rxe3 $17 45. Qxd4 Rxd4 46. Rxd4 Rxf3) 45. Rxd2 $11 Rxd2 46. Rxa3 $17 {[%mdl 4096] Endgame KRB-KRN} Rd1 47. Kg2 Ne6 {Black wants to play ...Nf4+.} 48. Bc4 Nf4+ 49. Kg3 Nh5+ 50. Kh2 Rd4 51. Ba2 Rd7 52. Ra4 Kg7 53. h4 Rd6 54. Ra7 Rf6 55. Bd5 Nf4 56. Bc4 Nh5 57. Bd5 Rf5 58. Rd7 Rf4 59. Kh3 Rf6 60. Kh2 Nf4 61. Bc4 {The position is equal.} Rf5 62. Rc7 Nh5 63. Kg2 Rf4 64. Bd5 Rxh4 {[#] ...Nf4+ is the strong threat.} 65. Rxf7+ Kh6 {White must now prevent ...Nf4+.} 66. Be4 Rf4 67. Rb7 (67. Rc7 {with more complications.} Rf8 68. Kh2 Rf6 69. Kg2 Rd6 70. Rf7) 67... Rf8 68. Rc7 Nf6 69. Kg3 Nh5+ (69... Rd8 {keeps more tension.} 70. Rb7 Rd4 71. Re7 Rb4 72. Bc2 Nh5+) 70. Kg2 Rg8 71. Rf7 Rg7 72. Rf8 Re7 73. Rb8 Kg7 74. Kh3 Nf6 75. Rb4 Re5 76. Rb7+ Kh6 77. Rb4 Nh5 78. Bc6 Ng7 79. Be4 Rh5+ 80. Kg2 Ne6 81. Bb1 Rg5+ 82. Kh2 Rc5 83. Kg3 Ng7 84. Kg2 Nh5 85. Kh3 Kg5 86. Rg4+ Kf6 87. Rb4 Rc6 88. Kg2 Rd6 89. Bc2 Rc6 90. Bb1 Rd6 91. Bc2 Ng7 92. Rf4+ Kg5 93. Rg4+ Kh6 94. Rh4+ Nh5 95. Rc4 Rf6 96. Bb1 Rf4 97. Be4 Rh4 98. Rc6 Kg5 99. Rc5+ Kf6 100. Rc6+ Ke5 101. Rc5+ Kd6 102. Rc6+ Ke5 {White happily takes the draw.  Weighted Error Value: White=0.21/Black=0.21} 1/2-1/2

[Event "Panchenko Memorial-B 2021"]
[Site "Chelyabinsk"]
[Date "2021.09.17"]
[Round "5.1"]
[White "Kovanova, Baira"]
[Black "Serikbay, Assel"]
[Result "1-0"]
[WhiteElo "2310"]
[BlackElo "2221"]
[Annotator "TA"]
[PlyCount "63"]
[EventDate "2021.09.13"]
[EventType "swiss"]
[EventCountry "RUS"]
[SourceTitle "playchess.com"]
[Source "ChessBase"]
[SourceQuality "1"]

{[%evp 14,63,35,43,35,35,41,36,39,35,36,30,37,9,41,28,41,22,21,22,20,12,37,28,61,58,74,63,124,44,102,100,186,189,180,189,191,152,147,131,176,182,326,329,321,318,570,552,575,575,543,495]} 1. e4 c5 2. Nf3 e6 3. d4 cxd4 4. Nxd4 a6 5. Bd3 g6 6. Nc3 Bg7 7. Be3 Ne7 8. O-O d5 {B42: Sicilian: Kan Variation: 5 Bd3.} 9. exd5 Nxd5 10. Nxd5 Qxd5 {White is slightly better.} 11. Be2 O-O 12. c3 {[#]} Qa5 $146 ({Predecessor:} 12... Qd8 13. Qd2 Qc7 14. Bh6 e5 15. Bxg7 Kxg7 16. Nb3 Be6 17. Rfd1 Nd7 18. Qd6 Rfc8 {0-1 (40) Gara,T (2377)-Hernandez Carmenates,H (2562) Mexico City 2012}) 13. Qc1 Re8 14. Rd1 Nd7 15. b4 Qc7 16. c4 e5 17. Nb3 Nf6 18. h3 Bd7 19. a4 Rac8 20. Nc5 Bf5 {[#]} (20... Bf8 $14) 21. a5 (21. g4 $1 $16 {[%cal Rg4f5]} Be6 22. Nxe6 fxe6 23. a5) 21... Bf8 ({Black should try} 21... Ne4 $14) 22. Qb2 $16 Qe7 {[#]} (22... Rcd8 $16) 23. g4 $1 $18 {[%cal Rg4f5]} Be6 24. Qxe5 Bg7 {...Nxg4 is the strong threat.} 25. Qg3 Nd7 26. Rab1 Ne5 27. Bd4 Nc6 (27... Qc7 $142 28. Bf1 Bxc4) 28. Bxg7 Kxg7 29. Bf3 Nxb4 $2 ({Much weaker is} 29... Bxc4 30. Bxc6 Rxc6 31. Qc3+ Qf6 32. Qxc4 $18) (29... h5 {might work better.} 30. gxh5 Bf5 31. hxg6 fxg6) 30. Qe5+ {White is clearly winning.} ({Stronger than} 30. Rxb4 Qxc5 31. Ra4 Bxc4 $15) 30... Qf6 31. Qxf6+ Kxf6 32. Nxe6 {Weighted Error Value: White=0.06/Black=0.36} ({Inferior is} 32. Rxb4 Rxc5 33. Rxb7 Rxa5 $11) 1-0

[Event "Panchenko Memorial-B 2021"]
[Site "Chelyabinsk"]
[Date "2021.09.17"]
[Round "5.2"]
[White "Nurgali, Nazerke"]
[Black "Zhapova, Yana"]
[Result "1/2-1/2"]
[WhiteElo "2247"]
[BlackElo "2212"]
[Annotator "TA"]
[PlyCount "84"]
[EventDate "2021.09.13"]
[EventType "swiss"]
[EventCountry "RUS"]
[SourceTitle "playchess.com"]
[Source "ChessBase"]
[SourceQuality "1"]

{[%evp 13,84,23,31,15,25,28,29,29,16,5,31,22,45,50,112,77,77,77,76,69,76,75,56,35,52,31,44,0,16,0,-5,-15,-9,-20,-4,-33,-26,-18,-29,-58,-20,-51,-37,-98,-95,-154,-97,-170,-165,-168,-172,-171,-168,-160,-152,-167,-99,-97,-97,-93,-100,-169,-20,-27,-24,-10,0,0,0,-18,0,0,0]} 1. d4 d5 2. Nf3 e6 3. c4 c6 4. e3 Nf6 5. Bd3 dxc4 6. Bxc4 Nbd7 7. O-O Bd6 {The main line 7...Bd6 scores better than 7...b5.} 8. b3 {D30: Queen's Gambit Declined: Systems without Nc3.} Qe7 {[#]} 9. Re1 $146 ({Predecessor:} 9. Bb2 e5 10. Nbd2 O-O 11. Qc2 e4 12. Ng5 Bxh2+ 13. Kxh2 Ng4+ 14. Kg1 Qxg5 15. Qxe4 Ndf6 {1-0 (40) Gareyev,T (2591)-Bernadskiy,V (2554) Tegernsee 2019}) 9... O-O 10. e4 {Hoping for e5.White has an edge.} e5 $1 11. h3 Bb4 12. Bd2 Bxd2 13. Nbxd2 c5 (13... b5 $14) 14. dxe5 Nxe5 15. Nxe5 Qxe5 16. Nf3 Qe7 17. e5 Ne8 18. Qd2 Nc7 19. Rad1 {aiming for Qd6.} Be6 20. Bd3 (20. Qd6 $5 {[%cal Rd6e7]} Rfe8 21. Bf1 $14) 20... h6 21. Be4 Rad8 22. Qf4 b6 {[%cal Bb7b6,Bb6b5,Bb5b4][%mdl 32]} 23. h4 Nb5 (23... Nd5 {seems wilder.} 24. Qc1 Nb4 25. a3 Nd5 26. Bb1 Nc7) 24. Bc2 Rxd1 25. Rxd1 Nc3 {Threatens to win with ...Ne2+.} 26. Re1 Rd8 27. h5 b5 28. Qe3 ({Better is} 28. g4 $15) 28... b4 $17 29. Nh2 {[#]} (29. Qf4 $142) 29... Qd7 (29... Qg5 $142 $1 {[%cal Rg5e3] Strongly threatening ...Qxe3.} 30. Qxg5 hxg5) 30. Nf1 (30. Nf3 $17) 30... Qd4 $19 31. f4 Bg4 ({Don't take} 31... Nxa2 32. f5 $17) 32. f5 Be2 ({But not} 32... Nxa2 33. e6 $15) 33. Kf2 Qxe3+ 34. Kxe3 Bxf1 ({Black should play} 34... Bxh5 $19 35. Nd2 Rd4) 35. Rxf1 $17 {[%mdl 4096] Endgame KRB-KRN} Re8 36. e6 fxe6 37. Kd3 {[#]} (37. fxe6 $17 Rxe6+ 38. Kd3) 37... exf5 (37... e5 $1 $19 {And now ...Kf7 would win.} 38. Ke3 e4) 38. Rxf5 $11 Rd8+ 39. Ke3 Re8+ {The position is equal.} 40. Kd3 Rd8+ 41. Ke3 Nd5+ 42. Ke2 Nc3+ {Weighted Error Value: White=0.17/Black=0.15} 1/2-1/2

[Event "Panchenko Memorial-B 2021"]
[Site "Chelyabinsk"]
[Date "2021.09.17"]
[Round "5.3"]
[White "Lysenko, Margarita"]
[Black "Balabayeva, Xeniya"]
[Result "1-0"]
[WhiteElo "2207"]
[BlackElo "2318"]
[Annotator "TA"]
[PlyCount "53"]
[EventDate "2021.09.13"]
[EventType "swiss"]
[EventCountry "RUS"]
[SourceTitle "playchess.com"]
[Source "ChessBase"]
[SourceQuality "1"]

{[%evp 15,53,23,17,18,18,12,12,11,44,33,150,142,508,513,525,509,501,414,463,458,512,510,511,503,538,520,645,638,730,728,775,767,29988,29989,29988,2277,5681,5677,2730,1409]} 1. d4 d5 2. c4 e6 3. Nc3 a6 4. cxd5 exd5 5. Bf4 Nf6 6. e3 c5 7. dxc5 Bxc5 8. Nf3 Nc6 9. Be2 {D32: Tarrasch Defence: Sidelines and lines without g3.} Be6 10. O-O O-O 11. Ne5 {[#] The position is equal.} Be7 $146 ({Predecessor:} 11... Bd6 12. Nxc6 bxc6 13. Na4 c5 14. Bxd6 Qxd6 15. Rc1 Rfc8 16. Qd2 Rab8 17. b3 Rc6 {1-0 (48) Nakamura,H (2736)-Le,Q (2709) chess24.com INT 2021}) 12. Rc1 Qb6 (12... Rc8 $14) 13. Na4 $16 Qa5 {[%mdl 8192]} (13... Qd8 $16) 14. Rxc6 $18 d4 {[#]} 15. Rxe6 $1 fxe6 16. Qxd4 Nd5 17. Nc3 Bf6 18. Nxd5 exd5 19. a3 Rfd8 20. Bg3 Rac8 21. Qg4 {Qe6+ would kill now.} Re8 {[#]} 22. Bd3 $1 Qd8 {[#]} (22... Rcd8 23. Qf5) 23. Bf5 $1 Ra8 (23... Bxe5 24. Bxe5) 24. Be6+ Kf8 {[#]} 25. Nd7+ (25. Qh5 $142 $1 Qc7 26. Nd7+ {[%mdl 64] Discovered Attack} Ke7 27. Qf7+ Kd8 28. Bxc7+ Kxc7 29. Nxf6+ Kb6 30. Nxe8) 25... Ke7 26. Nxf6 gxf6 27. Bf5 {[%cal Rg4g7] Black did not feel at home in the position after the opening.  Weighted Error Value: White=0.08/Black=1.35} 1-0

[Event "Panchenko Memorial-B 2021"]
[Site "Chelyabinsk"]
[Date "2021.09.17"]
[Round "5.4"]
[White "Charochkina, Daria"]
[Black "Doluhanova, Evgeniya"]
[Result "1-0"]
[WhiteElo "2307"]
[BlackElo "2230"]
[Annotator "TA"]
[PlyCount "90"]
[EventDate "2021.09.13"]
[EventType "swiss"]
[EventCountry "RUS"]
[SourceTitle "playchess.com"]
[Source "ChessBase"]
[SourceQuality "1"]

{[%evp 12,90,22,22,28,22,28,0,0,0,9,-20,22,12,41,0,86,71,115,117,137,66,112,104,203,192,204,194,223,187,202,204,234,223,206,208,211,208,212,208,383,290,339,339,339,339,339,339,316,339,322,322,339,337,339,339,366,359,525,514,482,391,721,701,1475,1369,1929,1693,4337,1391,12843,12754,29972,29973,29975,29971,29965,29959,29975,29976,29950]} 1. c4 Nf6 2. Nc3 e5 3. Nf3 Nc6 4. e4 d6 5. d4 Bg4 6. d5 Nd4 7. Be3 {7.Be2 might become the main line.} Nxf3+ {A28: English Opening: Four Knights Variation.} 8. gxf3 Bd7 9. Rg1 Nh5 {The position is equal.} 10. c5 g6 11. cxd6 {[#]} cxd6 $146 ({Predecessor:} 11... Bxd6 12. Qb3 O-O 13. O-O-O a5 14. Bb5 Bxb5 15. Nxb5 a4 16. Qc4 Qf6 17. Qe2 Nf4 {½-½ (41) Aleksandrov,A (2590)-Aditya,M (2251) Mumbai 2019}) 12. Qb3 Bg7 13. Qa3 O-O (13... Ke7 $11) 14. Qxd6 $16 Re8 {aiming for ...Bf8.} 15. Bb5 $1 Re7 16. Qb4 (16. O-O-O $1 $16) 16... Nf4 17. O-O-O a5 {[#]} (17... Nh3 $16) 18. Qa4 $1 $18 {Black must now prevent d6.} Bxb5 19. Qxb5 a4 20. a3 Bh6 21. Kb1 {Hoping for d6.} Qa5 22. d6 Qxb5 23. Nxb5 Rd7 {[#]} 24. Rc1 $1 Kg7 25. Rc5 Ra5 $2 (25... Kf6 {keeps fighting.} 26. Rc7 Rad8) 26. Rxe5 {And now Re7 would win.} f6 27. Re7+ Rxe7 28. dxe7 Kf7 29. Nc7 Kxe7 30. Bxf4 Bxf4 31. Nd5+ Rxd5 32. exd5 {[%mdl 4096] Endgame KR-KB} Kd6 33. h4 Kxd5 34. Rd1+ Ke5 (34... Ke6 $142 35. Rd4 Bd6 36. Rxa4 h5) 35. Rd7 h5 36. Rxb7 g5 $2 (36... Bh2 37. Ra7 Bg1 38. Rxa4 Bxf2) 37. Rh7 gxh4 38. Rxh5+ Bg5 39. b3 axb3 40. a4 Kd6 41. Kb2 Bd2 42. Rxh4 {White mates.} Be1 43. Rd4+ Kc5 44. Rf4 Bxf2 45. Kxb3 Kd5 {Weighted Error Value: White=0.10/Black=0.57} 1-0